Drapeaux des pays commençant par C - Statistiques

Statistiques générales
  • Ce quiz a été pris 408 fois
  • Le résultat moyen est 14 sur 15
Statistiques - réponses
Par images Réponse % Correct
Canada
100%
Chine
100%
Corée du Sud
99%
Chypre
97%
Colombie
95%
Côte d'Ivoire
95%
Croatie
95%
Chili
92%
Corée du Nord
92%
Cameroun
91%
Cambodge
90%
Cuba
89%
Costa Rica
79%
Comores
74%
Cap-Vert
68%
Aucun quiz correspondant
Distribution des résultats
% des personnes avec chaque résultat
Percentile par nombre de réponses
Votre historique - résultats
Vous n’avez pas pris ce quiz